000 00731nam a2200181Ia 4500
008 090124s9999 xx 000 0 und d
082 _b127703
100 _aराष्ट्रीय चरित्रमाला - संपादक मंडळ
245 _a रवींद्रनाथ टागोर
250 _a3
260 _c1983
300 _a56
600 _aराष्ट्रीय चरित्रमाला - संपादक मंडळ
630 _a रवींद्रनाथ टागोर
700 _aराष्ट्रीय चरित्रमाला - संपादक मंडळ
730 _a रवींद्रनाथ टागोर
942 _cBOOK
999 _c173792
_d173792